Desarrollo del pensamiento matemático.
Enregistré dans:
| Auteur principal: | |
|---|---|
| Autres auteurs: | , , , , |
| Format: | Livre |
| Publié: |
Ciudad de México, México:
Trillas,
2005.
|
| Édition: | Primera edición |
| Sujets: | |
| Tags: |
Ajouter un tag
Pas de tags, Soyez le premier à ajouter un tag!
|
MARC
| LEADER | 00000nam a2200000 a 4500 | ||
|---|---|---|---|
| 001 | UCM1497 | ||
| 003 | CL-VaPUC | ||
| 005 | 20240705074039.0 | ||
| 008 | 231004t2005 ||||| |||| 00| 0 eng d | ||
| 999 | |c 441968 |d 441966 | ||
| 020 | |a 968-24-7203-2 | ||
| 040 | |c Pontificia Universidad Católica de Valparaíso | ||
| 082 | 0 | 4 | |a 510.1 CAN 2005 |2 21 |
| 100 | 0 | |a Cantoral Uriza, Ricardo Arnaldo |e autor |9 468459 | |
| 245 | 1 | 0 | |a Desarrollo del pensamiento matemático. |
| 250 | |a Primera edición | ||
| 260 | |a Ciudad de México, México: |b Trillas, |c 2005. | ||
| 300 | |a 225 páginas. | ||
| 500 | |a C.1. Donación Instituto Matemática. Memo 04/2023 | ||
| 583 | |a last modification |c 20171130 16:21:11 |k Catalogador Asistente | ||
| 650 | 0 | |a Matemática |9 260235 | |
| 650 | 0 | |a Filosofía de las ciencias |9 256466 | |
| 650 | 0 | |a Métodos de enseñanza |9 270413 | |
| 650 | 0 | |a Matemáticas |x Enseñanza |9 875527 | |
| 700 | 0 | |a Farfán Márquez, Rosa María |e autora |9 468460 | |
| 700 | |a Cordero Osorio, Francisco |e autor |9 468461 | ||
| 700 | 0 | |a Alanís, Juan Antonio |e autor |9 468462 | |
| 700 | 0 | |a Rodríguez, Rosa Amelia |e autora |9 468463 | |
| 700 | 0 | |a Garza, Adolfo |e autor |9 468464 | |
| 942 | |c BK |2 ddc | ||
| 952 | |0 0 |1 0 |2 ddc |4 0 |6 510_100000000000000_CAN_2005 |7 0 |8 A |9 591851 |a BIBMAT |b BIBMAT |c E_DIDACT |d 2023-10-04 |e Donación |i 5658963 |o 510.1 CAN 2005 |p 5658963 |r 2025-01-07 |t 1 |w 2023-10-04 |y BK |k MAT | ||